• 首页
  • 本馆介绍
  • 公告通知
  • 最新文献
  • 馆藏检索
  • 电子资源
  • 读者导购
  • 参考咨询
  • 我的图书馆
  • 登录
  • 详细信息显示
  • 放入我的书架
  • 预约/预借图书
  • 作者相关作品
  • 分类相关作品
  • 丛书相关作品
  • 出版社相关作品

书目信息

  • 表格格式
  • 工作单格式
  • 卡片格式
题名:
表面处理化学品技术手册
    
 
作者: 杨丁 编
分册:  
出版信息: 北京   化学工业出版社  2010
页数: 544页
开本: 26cm
丛书名:
单 册:
中图分类: TQ072-62 , TG17-62
科图分类:
主题词: 金属表面处理--化工产品--技术手册 , 金属表面处理 , 化工产品
电子资源:
ISBN: 978-7-122-06682-4
000 00982nam0 2200265 45
001 1033091843
005 20100407100202.21
010    @a978-7-122-06682-4@b精装@dCNY98.00
100    @a20100401d2010 em y0chiy50 ea
101 0  @achi
102    @aCN@b110000
105    @ay z 000yy
106    @ar
200 1  @a表面处理化学品技术手册@ABiao Mian Chu Li Hua Xue Pin Ji Shu Shou Ce@f杨丁编@FYang Ding Bian
210    @a北京@c化学工业出版社@d2010
215    @a544页@d26cm
330    @a本书中对在表面处理过程中常用的各种无机和有机化工原料的物化性能、毒性及救治、制法、质量标准及其在表面处理中的用途(包括电镀、化学镀溶液的配方及操作方法等)都进行了详细的介绍,同时对表面处理中常用溶液的分析也做了较为详细的说明。
606 0  @a金属表面处理@x化工产品@j技术手册
606 0  @a金属表面处理
606 0  @a化工产品
690    @aTQ072-62@v4
690    @aTG17-62@v4
701  0 @a杨丁@AYang Ding@c(化学)@4编
801  0 @aCN@bTANGWEI@c20100407
905    @b0588327-31@dTQ072-62@e196@f5
    
    表面处理化学品技术手册/杨丁编.-北京:化学工业出版社,2010
    544页;26cm
    
    
    ISBN 978-7-122-06682-4(精装):CNY98.00
    本书中对在表面处理过程中常用的各种无机和有机化工原料的物化性能、毒性及救治、制法、质量标准及其在表面处理中的用途(包括电镀、化学镀溶液的配方及操作方法等)都进行了详细的介绍,同时对表面处理中常用溶液的分析也做了较为详细的说明。
●
相关链接 在E读中查询图书 在五车中查询图书 在当当中查询图书 在豆瓣中查询图书


正题名:表面处理化学品技术手册     索取号:TQ072-62/196         预约/预借

序号 登录号 条形码 馆藏地/架位号 状态 备注
1 0588327   205883276   第二样本阅览室/ [索取号:TQ072-62/196] 在馆    
2 0588328   205883285   第三借阅区/ [索取号:TQ072-62/196] 在馆    
3 0588329   205883294   第三借阅区/ [索取号:TQ072-62/196] 在馆    
4 0588330   205883301   第三借阅区/ [索取号:TQ072-62/196] 在馆    
5 0588331   205883310   第三借阅区/ [索取号:TQ072-62/196] 在馆    
唐山师范学院图书馆 欢迎您!
大连网信软件有限公司© 版权所有